Equal Partners: Customer and supplier alignment in private sector construction (Record no. 81287)

MARC details
000 -LEADER
fixed length control field 00797cab a22001935 4500
001 - CONTROL NUMBER
control field L146775
008 - FIXED-LENGTH DATA ELEMENTS--GENERAL INFORMATION
fixed length control field 090225e20090123xxk f 000 0 eng u
035 ## - SYSTEM CONTROL NUMBER
System control number (Sirsi) u146775
041 0# - LANGUAGE CODE
Language code of text/sound track or separate title eng
110 0# - MAIN ENTRY--CORPORATE NAME
Corporate name or jurisdiction name as entry element Constructing Excellence in the Built Environment
9 (RLIN) 4925
245 00 - TITLE STATEMENT
Title Equal Partners: Customer and supplier alignment in private sector construction
260 ## - PUBLICATION, DISTRIBUTION, ETC.
Date of publication, distribution, etc. 2009
520 ## - SUMMARY, ETC.
Summary, etc. Report on private sector collaborative procurement. Presents collaborative working throughout the whole supply chain as the goal to reach.
590 ## - LOCAL NOTE (RLIN)
Local note KA
651 #4 - SUBJECT ADDED ENTRY--GEOGRAPHIC NAME
Geographic name United Kingdom
Chronological subdivision
690 ## - LOCAL SUBJECT ADDED ENTRY--TOPICAL TERM (OCLC, RLIN)
Topical term or geographic name as entry element Construction management
9 (RLIN) 6230
856 40 - ELECTRONIC LOCATION AND ACCESS
Uniform Resource Identifier <a href="https://constructingexcellence.org.uk/wp-content/uploads/2015/01/EP5.pdf">https://constructingexcellence.org.uk/wp-content/uploads/2015/01/EP5.pdf</a>
Public note View the item free of charge at www.constructingexcellence.org.uk...
942 ## - ADDED ENTRY ELEMENTS (KOHA)
Suppress in OPAC 0
Holdings
Withdrawn status Lost status Source of classification or shelving scheme Damaged status Not for loan Home library Current library Shelving location Date acquired Total Checkouts Full call number Barcode Date last seen Copy number Price effective from Koha item type
    Dewey Decimal Classification     Virtual Virtual Online 25/02/2009   ONLINE PUBLICATION 146775-2001 06/08/2019 1 06/08/2019 Online material